|
|
|
|
| LEADER |
00000cam a2200000 7i4500 |
| 001 |
0000001338 |
| 005 |
20140420.0 |
| 020 |
0 |
0 |
|a 9290434147
|
| 090 |
0 |
0 |
|a 584.9
|b BAM 2000
|
| 245 |
0 |
0 |
|a BAMBOO :
|b Conservation, diversity, ecogeography, germplasm, resource utilization and taxonomy
|c A. N. Rao and V. Ramanatha Rao (editors)
|
| 260 |
0 |
0 |
|a Bangkok :
|b IPGRI ,
|c 2000
|
| 300 |
|
|
|a xiv, 275 p. :
|b ill. (some col.), maps ;
|c 30 cm.
|
| 500 |
0 |
0 |
|a Includes bibliographical references
|
| 650 |
0 |
0 |
|a Bamboo
|
| 700 |
0 |
1 |
|a Rao
|h A. N.
|
| 700 |
0 |
1 |
|a Rao
|h V. Ramanatha
|
| 710 |
1 |
1 |
|a International Plant Genetic Resources Institute (IPGRI)
|
| 998 |
|
|
|a JPSM
|
| 999 |
|
|
|a 0000002330
|b Monograph
|c Open Shelf
|e Default branch
|